| 000 | 00681nam a2200253Ia 4500 | ||
|---|---|---|---|
| 003 | OSt | ||
| 005 | 20241003123328.0 | ||
| 008 | 210329s9999||||xx |||||||||||||| ||und|| | ||
| 020 | _a9788126033577 | ||
| 040 | _cSTCPL | ||
| 041 | _aMAL | ||
| 082 |
_aM07 _bPRA-V |
||
| 100 |
_aPrakash, T N _qടി എൻ പ്രകാശ് |
||
| 245 | 0 |
_aV k n / _cby T N Prakash _hവി കെ എന് |
|
| 260 |
_aNew Delhi : _bSahitya Akademi , _c2012 . |
||
| 300 |
_a86 p. _bPB |
||
| 490 | _aBharatheeya sahitya shilpikal | ||
| 650 | _aMalayalam literature | ||
| 650 | _aMonograph | ||
| 650 | _aLiterary study | ||
| 650 | _aLiterary research | ||
| 942 | _cBK | ||
| 942 | _2ddc | ||
| 999 |
_c67452 _d67452 |
||